000 00375nam a22001577a 4500
003 SGT
020 _a9781498796507
082 _a617
_bB18W
100 _aWILLIAMS, NORMAN S.
245 _aBAILEY & LOVE'S SHORT PRACTICE OF SURGERY 2 VOLUME SET
250 _a27TH
260 _aNEW YORK
_bCRC PRESS
_c2018
300 _a797,1610
650 _aSURGERY
942 _2ddc
_cBK
_029
999 _c21005
_d21005